Cestovné náhrady vo vzťahu k dani z príjmov
Význam zákona č. 119/1992 Zb. o cestovných náhradách v znení neskorších zákonov z pohľadu dane z príjmov. Náhrady pri tuzemských pracovných cestách. Náhrady pri zahraničnej pracovnej ceste. Sadzby stravného pri zahraničných pracovných cestách. Príklady z praxe.
Gespeichert in:
| 1. Verfasser: | |
|---|---|
| Format: | Buchkapitel |
| Sprache: | Slowakisch |
| Schlagworte: | |
| Tags: |
Keine Tags, Fügen Sie das erste Tag hinzu!
|
MARC
| LEADER | 00000naa a2200000 4500 | ||
|---|---|---|---|
| 001 | r034031 | ||
| 005 | 20230919084157.9 | ||
| 041 | 0 | |a slo | |
| 044 | |a SK | ||
| 245 | 1 | 0 | |a Cestovné náhrady vo vzťahu k dani z príjmov |c Ján Minársky |
| 520 | |a Význam zákona č. 119/1992 Zb. o cestovných náhradách v znení neskorších zákonov z pohľadu dane z príjmov. Náhrady pri tuzemských pracovných cestách. Náhrady pri zahraničnej pracovnej ceste. Sadzby stravného pri zahraničných pracovných cestách. Príklady z praxe. | ||
| 610 | 2 | 0 | |a náhrada cestovného |
| 610 | 2 | 0 | |a cesty pracovné |
| 610 | 2 | 0 | |a náhrada výdavkov |
| 610 | 2 | 0 | |a dane z príjmov |
| 610 | 2 | 0 | |a zamestnávatelia |
| 610 | 2 | 0 | |a predpisy právne |
| 100 | 1 | |a Minársky, Ján | |